Energía para aprender: un recorrido por el mundo de la energía /

Guardado en:
Autor Principal: González Tuñon, Adolfo
Formato: Libro
Publicado: Buenos Aires : Fundación Ypf, 2017
Series:Educar para la energía
Materias:
Etiquetas: Agregar Etiqueta
Sin Etiquetas, Sea el primero en etiquetar este registro!
LEADER 01514nam a22003495a 4500
001 CEM.cems014979
005 20181025155739.0
008 130507s2017##################000#0#####d
003 CEMS
020 |a 9789874153081 
082 0 4 |a 541 
100 1 |a González Tuñon, Adolfo 
245 1 0 |a Energía para aprender: un recorrido por el mundo de la energía /  |c Adolfo González Tuñon 
260 |a Buenos Aires :  |b Fundación Ypf,  |c 2017 
300 |a 55 p. 
490 0 |a Educar para la energía 
500 |a Elaborado por la Fundación Ypf especialmente para los alumnos. 
505 0 |a Energía -- Energía Eléctrica -- Hidrocarburos -- El desafío energético -- Para sabber más 
653 |a Energía 
653 |a Energía eléctrica 
653 |a Energía alternativa 
653 |a Petróleo 
859 |a CEMS  |b BIB. CEMS - 11 de abril  |h 541  |i G589  |p 27673.18  |t Ej.1 
859 |a CEMS  |b BIB. CEMS - 11 de abril  |h 541  |i G589  |p 27674.18  |t Ej.2 
859 |a CEMS  |b BIB. CEMS - 11 de abril  |h 541  |i G589  |p 27675.18  |t Ej.3 
859 |a CEMS  |b BIB. CEMS - 11 de abril  |h 541  |i G589  |p 27676.18  |t Ej.4 
859 |a CEMS  |b BIB. CEMS - 11 de abril  |h 541  |i G589  |p 27677.18  |t Ej.5 
859 |a CEMS  |b BIB. CEMS - 11 de abril  |h 541  |i G589  |p 28068.19  |t Ej.6 
859 |a CEMS  |b BIB. CEMS - 11 de abril  |h 541  |i G589  |p 28069.19  |t Ej.7 
859 |a CEMS  |b BIB. CEMS - 11 de abril  |h 541  |i G589  |p 28070.19  |t Ej.8 
859 |a CEMS  |b BIB. CEMS - 11 de abril  |h 541  |i G589  |p 28071.19  |t Ej.9 
859 |a CEMS  |b BIB. CEMS - 11 de abril  |h 541  |i G589  |p 28072.19  |t Ej.10